| 000 | 00000nas 2200000za 4500 |
|---|---|
| 001 | 9.507161 |
| 003 | CaOODSP |
| 005 | 20230209150634 |
| 007 | cr ||||||||||| |
| 008 | 150406d20002008xxc|| p o||||f| |0eng|d |
| 022 | |a2290-4395 |
| 040 | |aCaOODSP|beng |
| 043 | |an-cn--- |
| 086 | 1 |aIu71-1/4E-PDF |
| 110 | 2 |aCanadian Intellectual Property Office. |
| 245 | 12|aA guide to copyrights. |
| 264 | 1|aOttawa, Ontario : |bIndustry Canada |
| 310 | |aIrregular |
| 362 | 1 |a2000-2008. |
| 690 | 07|aCopyright|2gcpds |
| 775 | 08|tLe guide des droits d'auteur.|w(CaOODSP)9.503551 |